Water supplies - new rules (Record no. 77476)
[ view plain ]
| 000 -LEADER | |
|---|---|
| fixed length control field | 01231cab a2200253 4500 |
| 001 - CONTROL NUMBER | |
| control field | ##L134358 |
| 008 - FIXED-LENGTH DATA ELEMENTS--GENERAL INFORMATION | |
| fixed length control field | 060731n2006 000 0 eng u |
| 035 ## - SYSTEM CONTROL NUMBER | |
| System control number | (Sirsi) u134358 |
| 041 0# - LANGUAGE CODE | |
| Language code of text/sound track or separate title | eng |
| 110 2# - MAIN ENTRY--CORPORATE NAME | |
| Corporate name or jurisdiction name as entry element | Scottish Rural Property and Business Association |
| 9 (RLIN) | 4996 |
| 245 00 - TITLE STATEMENT | |
| Title | Water supplies - new rules |
| Remainder of title | changes in water regulations may have implications for members |
| 260 ## - PUBLICATION, DISTRIBUTION, ETC. | |
| Date of publication, distribution, etc. | 2006 |
| 490 #0 - SERIES STATEMENT | |
| Series statement | Land Business |
| Volume/sequential designation | (14) June/July 2006 (3) |
| 490 #0 - SERIES STATEMENT | |
| Series statement | SRPBA Information Sheet |
| 520 ## - SUMMARY, ETC. | |
| Summary, etc. | Provides an overview of the Private Water Supplies (Scotland) Regulations 2006 and the associated grant scheme which came into force on 3 July 2006. These measures were required to implement the European drinking water directive (Directive 98/83/EC). Assesses the implications of these changes in the Scottish water regulations. |
| 590 ## - LOCAL NOTE (RLIN) | |
| Local note | IKA010806 |
| 650 24 - SUBJECT ADDED ENTRY--TOPICAL TERM | |
| Topical term or geographic name entry element | DIRECTIVE 98/83/EC |
| 650 24 - SUBJECT ADDED ENTRY--TOPICAL TERM | |
| Topical term or geographic name entry element | PRIVATE WATER SUPPLIES (SCOTLAND) REGULATIONS 2006 |
| 650 24 - SUBJECT ADDED ENTRY--TOPICAL TERM | |
| Topical term or geographic name entry element | PRIVATE WATER SUPPLIES (GRANTS) (SCOTLAND) REGULATIONS 2006 |
| 650 24 - SUBJECT ADDED ENTRY--TOPICAL TERM | |
| Topical term or geographic name entry element | PRIVATE WATER SUPPLIES (NOTICES) (SCOTLAND) REGULATIONS 2006 |
| 651 #4 - SUBJECT ADDED ENTRY--GEOGRAPHIC NAME | |
| Geographic name | Scotland |
| Chronological subdivision | 1999- |
| 690 ## - LOCAL SUBJECT ADDED ENTRY--TOPICAL TERM (OCLC, RLIN) | |
| Topical term or geographic name as entry element | ENVIRONMENTAL AND LAND CONSULTANCY-WATER RESOURCE MANAGEMENT |
| 942 ## - ADDED ENTRY ELEMENTS (KOHA) | |
| Suppress in OPAC | 0 |
| Withdrawn status | Lost status | Source of classification or shelving scheme | Damaged status | Not for loan | Home library | Current library | Shelving location | Date acquired | Total Checkouts | Full call number | Barcode | Date last seen | Copy number | Price effective from | Koha item type |
|---|---|---|---|---|---|---|---|---|---|---|---|---|---|---|---|
| Dewey Decimal Classification | London | London | Journal article | 31/07/2006 | L134358 | 134358-1001 | 06/08/2019 | 1 | 06/08/2019 | Journal article |